[Event "EU-Cup 22nd"]
[Site "Fuegen"]
[Date "2006.10.11"]
[Round "4.1"]
[White "Radjabov, Teimour"]
[Black "Morozevich, Alexander"]
[Result "1-0"]
[WhiteElo "2729"]
[BlackElo "2747"]
[Annotator "Radjabov,T"]
[PlyCount "87"]
[EventDate "2006.10.08"]
[EventType "team-swiss"]
[EventRounds "7"]
[EventCountry "AUT"]
[SourceTitle "CBM 115"]
[Source "ChessBase"]
[SourceDate "2006.11.15"]
[SourceVersion "1"]
[SourceVersionDate "2006.11.15"]
[SourceQuality "1"]
[WhiteTeam "Kazan Ladya"]
[BlackTeam "Tomsk 400"]
[WhiteTeamCountry "RUS"]
[BlackTeamCountry "RUS"]

1. e4 {It was a very important match for us as we were playing against one of
the favourites Tomsk, the current European Club Cup Champions. Es war ein sehr
wichtiges Match für uns, denn wir spielten gegen einen der Favoriten; Tomsk,
den amtierenden Europapokal-Mannschaftsmeister.} c5 2. Nf3 e6 3. d4 cxd4 4.
Nxd4 Nc6 5. Nc3 d6 6. Be3 Nf6 7. f4 Be7 8. Qf3 {No need to stop at the
theoretical phase here ; it's too big and has seen many encounters in the past
and recently. Unnötig, sich hier mit der Theoriephase aufzuhalten; sie ist zu
umfangreich, und es gibt dazu viele Begegnungen in der älteren und jüngeren
Vergangenheit.} e5 9. Nxc6 bxc6 10. f5 {Closing the centre therefore
clarifying my attacking intentions. Schließt das Zentrum und verdeutlicht
somit meine Angriffsabsichten.} Qa5 {Immediate activity with the idea to push
d5 as soon as possible and also launching an attack on the b-file in the case
of an early 0-0-0.  Sofortige Aktivität mit der Idee, so schnell wie möglich
d5 durchzudrücken und auch im Fall einer frühen 0-0-0 einen Angriff in der
b-Lnie einzuleiten.} 11. Bc4 {Bringing the bishop to protect b2 seemed logical
to me. Den Läufer zur Deckung von b2 heranzuführen, schien mir logisch.} Rb8
12. Bd2 $5 {A prophylactic move which turns to be the starting point for a
great struggle in this game. Ein prophylaktischer Zug, der sich als Startpunkt
zu einem großen Kampf in dieser Partie erweist.} Rxb2 (12... Qc5 13. Bb3 d5 $5
14. g4 $5 (14. exd5 cxd5 15. Nxd5 Nxd5 16. Bxd5 Rxb2 (16... O-O 17. Bb3 Bh4+
18. g3 Bb7 (18... Bf6 19. Qf2 $14) 19. Qf2 Be7 (19... Qxf2+ 20. Kxf2 Bxh1 21.
Rxh1 $14) 20. Rf1 $14) 17. Bb3 (17. Bc6+ Bd7 18. Bxd7+ Kxd7 19. Bc3 Rbb8 20.
Rd1+ $13)) 14... d4 15. Ne2 $14 (15. Nd1)) 13. Bb3 $1 Rxb3 (13... Qc5 $5 14.
Qd3 $5 (14. Bc1 Rxb3 15. axb3 d5 16. exd5 (16. Ba3 Qa5 17. Bb2 Qc5 $13 18. exd5
cxd5 19. Ne2 (19. Na4 $13) 19... d4 20. c3 O-O 21. cxd4 Qc2) 16... e4 17. Nxe4
Nxe4 18. Qxe4 Qc3+ 19. Kd1 Qxa1 20. d6 $14) 14... d5 15. Na4 Qa3 16. exd5 $14 (
16. Nxb2 Qxb2)) 14. cxb3 Qa6 $5 {Seemed very interesting to me too over the
board. Schien auch mir am Brett sehr interessant zu sein.} 15. g4 $1 h6 16. Qg3
$1 Bb7 17. O-O-O c5 18. Rhe1 c4 19. Kb2 $1 $16 {After a serie of good moves I
think White stands much better now. He is an exchange up and the opponent's
counter-play is stopped at the moment. Nach einer Serie von guten Zügen glaube
ich, dass Weiß jetzt klar besser steht. Er hat eine Qualität mehr, und das
Gegenspiel seines Kontrahenten ist für den Moment gestoppt.} Nd7 (19... cxb3
20. axb3 $16) 20. b4 Qb6 21. Ka1 Qd8 22. Qe3 Nb6 23. Qg1 {Interesting
regrouping here. Now Black is helpless against g5 threats and also central
counterplay is not dangerous due to Black's king's presence on e8. So
Morozevich now tries to castle and push d5 but... Interessante Umgruppierung
hier. Nun ist Schwarz hilflos gegen g5-Drohungen, und auch zentrales
Gegenspiel ist ungefährlich wegen der Königsstellung auf e8. Daher versucht
Morozevich jetzt, zu rochieren und d5 durchzudrücken, aber...} O-O 24. g5 $3 {
No time for real counterplay now. Black has to watch for White's attack on the
kingside. Keine Zeit jetzt für wirkliches Gegenspiel. Schwarz muss den weißen
Angriff am Königsflügel im Auge behalten.} (24. Re2 $5) (24. Be3 $5) 24... Bxg5
(24... hxg5 25. h4 $1 gxh4 26. Qg4 $1 $18) 25. Bxg5 hxg5 26. Qe3 f6 27. h4 $1
gxh4 28. Rh1 $1 {d6 is hanging, the black king is under mating threats.
White's king is safe for the moment. The g-line is in White's hands. The
position is hopeless for Black. D6 hängt, der schwarze König steht unter
Mattdrohungen. Der weiße König ist im Moment sicher. Die g-Linie befindet sich
in weißer Hand. Die Stellung ist hoffnungslos für Schwarz.} d5 {Finally! The
only chance to keep up the resistance.} 29. exd5 (29. Rxh4 d4 30. Qg3 Kf7 31.
Qg6+ Ke7 32. Rh7 $18) 29... Qd7 30. Qf3 (30. Qf2 $1 {was probably easier. war
vermutlich einfacher.}) 30... Bc8 31. Rdf1 $1 Qe7 (31... Qxf5 32. Qxf5 Bxf5 33.
Rxf5 g5 {Such study-like sacrifices don't work here. Derartige studienmäßigen
Opfer funktionieren hier nihct.} 34. Rhf1 Kg7 35. d6 g4 36. Rh5 $1 {And in
many variations white finishes the game 5 pawns up :)) Und in vielen Varianten
beendet Weiß die Partie mit 5 Bauern mehr:))} (36. Ne4 Nd5 37. d7 Rd8 38. Nc5 (
38. Nxf6 Nxf6 39. Rxf6 Rxd7 40. Rc6 $18) 38... Kh6 39. Rd1 Kg6 40. Rf2 g3 41.
Rfd2 Nf4 42. Nb7 c3 43. Rc2 Rxd7 44. Rxd7 g2 45. Rd1 h3 46. Rxc3 $18) 36... h3
37. Rg1 f5 38. Rxh3 Kg6 39. Rh4 Nd7 40. Nd5 Nf6 41. Nxf6 Kxf6 42. Rh6+ Kg5 43.
Re6 e4 44. d7 $18) 32. a3 $1 e4 (32... a5 33. Rxh4 axb4 34. Rfh1 $18) 33. Qf4
Rd8 (33... Qe5 $1 {was the only way to keep fighting. war der einzige Weg, um
noch weiter zu kämpfen.} 34. Qxe5 fxe5 35. Rxh4 Rxf5 36. Rxf5 Bxf5 {Still not
enough at all. Reicht aber trotzdem bei weitem nicht.} 37. Rh5 {The easiest
way for White now is to bring the a-b pawns to a5 and b5 and then Nd1-e3 and
Kc3 Rh1-b1 etc... with a completely winning position. Der einfachste Weg für
Weiß besteht jetzt darin, die a- und b-Bauern nach a5 und b5 zu bringen und
dann Nd1-e3 und Kc3 Rh1-b1 usw... mit völliger Gewinnstellung.} (37. Nxe4)
37... g6 38. Rh1 Kg7 39. a4 Nc8 40. Kb2 $18 {[%cal Ga4a5,Gb4b5,Gc3d1,Gd1e3,
Gb2c3]}) 34. Rfg1 Qe5 35. Qxe5 fxe5 36. f6 Kf7 37. fxg7 h3 38. Nxe4 Nxd5 39.
Nd6+ Kg8 40. Nxc8 Rxc8 41. Rxh3 Kf7 42. g8=Q+ Rxg8 43. Rxg8 Kxg8 44. Rh5 1-0

[Event "EU-Cup (Women) 18th"]
[Site "Rhodes"]
[Date "2013.10.23"]
[Round "4.1"]
[White "Kosteniuk, Alexandra"]
[Black "Hou, Yifan"]
[Result "0-1"]
[WhiteElo "2495"]
[BlackElo "2621"]
[Annotator "Ramirez Alvarez,A"]
[PlyCount "74"]
[EventDate "2013.10.20"]
[EventType "team-swiss"]
[EventRounds "7"]
[EventCountry "GRE"]
[SourceTitle "EXT 2014"]
[Source "ChessBase"]
[SourceDate "2013.11.20"]
[SourceVersion "1"]
[SourceVersionDate "2013.11.20"]
[SourceQuality "1"]
[WhiteTeam "Nashe Nasledie (W)"]
[BlackTeam "Monte Carlo (W)"]
[WhiteTeamCountry "RUS"]
[BlackTeamCountry "MNC"]

1. e4 c5 2. Nf3 e6 3. d4 cxd4 4. Nxd4 Nc6 5. Nc3 d6 6. Be3 Nf6 {Hou Yifan
loves this Scheveningen systems that do not come from the Najdorf move order.
Of course, that exposes her to quick Keres attacks.} 7. f4 Be7 8. Qf3 Qc7 9.
O-O-O a6 10. h3 $6 {The point of this move is a mystery to me, there is no
reason to 'prepare' g4.} (10. g4 Nd7 11. g5 b5 {has been seen before. Hou
Yifan even had this position with Black back in 2008 against Zawadska.}) 10...
Rb8 11. g4 b5 12. g5 Nd7 {Rb8 is clearly more useful than h3, but that's not
the end of the world.} 13. Nxc6 Qxc6 14. Bg2 Bb7 15. Bd4 $6 {It's not clear
what Kosteniuk was hoping to achieve with her setup. There are some variation
in which the bishop on d4 proves to be very useful, but they don't come to
light in the game at all.} O-O 16. Rhe1 Rfc8 17. Rd2 Qc7 $1 {A subtle idea.
The queen relocate to a5 where it is more powerful, at the same time the
bishop on b7 puts direct pressure on e4.} 18. Kb1 Qa5 19. Qe3 b4 20. Ne2 e5 {
A typical Sicilian break, utilizing the fact that the bishop on d4 is not
feeling comfortable.} 21. fxe5 Nxe5 (21... dxe5 $2 22. Ba7 {fails tactically
as now the rook on b8 and the knight on d7 are under attack.}) 22. b3 Ng6 $1 {
Very brave. Normally Black doesn't want to go pawn hunting on the kingside as
that simply opens up files for the enemy rooks, but Hou Yifan has this under
control.} 23. h4 Nxh4 {g5 is also defenseless, and White can't really use the
open files.} 24. Bh1 Bxg5 25. Qg1 Ng6 (25... Bxd2 26. Qxg7# {is not something
the World Champion will fall for.}) 26. Rd3 Rxc2 $1 {When ahead, get more
ahead. A phrase from a strategical mastermind in another game, describing what
to do with an advantage.} 27. Kxc2 Qxa2+ 28. Bb2 Bf6 {Black will regain some
of her material and she will be left with a winning position. The game is now
over.} 29. Kd2 Qxb2+ 30. Ke3 h6 31. Red1 Bg5+ 32. Kf2 Nf4 33. Re3 Bc6 34. Rb1
Qf6 35. Ke1 Nxe2 36. Rxe2 Qc3+ 37. Kf2 Bb5 {This game basically represents how
the tournament went. On paper it seemed like it would be interesting, maybe,
but at the end the rating difference was just too much.} 0-1

[Event "Olympiad-32"]
[Site "Yerevan"]
[Date "1996.09.30"]
[Round "13.4"]
[White "Aronian, Levon"]
[Black "Sandler, Leonid"]
[Result "0-1"]
[WhiteElo "2390"]
[BlackElo "2345"]
[Annotator "Rogers,I"]
[PlyCount "92"]
[EventDate "1996.09.15"]
[EventType "team-swiss"]
[EventRounds "14"]
[EventCountry "ARM"]
[SourceTitle "CBM 055"]
[Source "ChessBase"]
[SourceDate "1996.12.01"]
[SourceVersion "1"]
[SourceVersionDate "1996.12.01"]
[SourceQuality "1"]
[WhiteTeam "Armenia II"]
[BlackTeam "Australia"]
[WhiteTeamCountry "ARM"]
[BlackTeamCountry "AUS"]

1. e4 c5 2. Nf3 d6 3. d4 cxd4 4. Nxd4 Nf6 5. Nc3 a6 6. Be3 e6 7. f4 {
13-year-old Aronian is well prepared; Sandler has in the past struggled
against this aggressive system.} b5 8. Qf3 Bb7 9. Bd3 Nbd7 10. g4 b4 {Far from
obligatory} (10... Nc5 {is a serious alternative.}) 11. Nce2 Nc5 12. Ng3 d5 13.
e5 Nfe4 14. O-O $5 ({White usually chooses} 14. O-O-O {in this variation - in
the long run White's king often suffers from exposure on the kingside.}) 14...
Be7 15. f5 O-O 16. Bxe4 ({White should probably have preferred 15. or} 16. Rad1
) 16... Nxe4 17. Nxe4 dxe4 18. Qf4 Qc7 $1 19. f6 $6 gxf6 20. Qh6 $1 Rfd8 $1 {
The start of a remarkable counter-attack.} ({White was hoping for} 20... Qxe5
$2 21. Nf5 $1 exf5 22. Rxf5 Qxb2 23. Rh5 Qxa1+ 24. Kg2 {with checkmate to
follow.}) 21. exf6 Bf8 22. Qh4 Rxd4 $1 23. Bxd4 e3 $1 24. Bxe3 Qxc2 25. Qh3 Rd8
26. Rae1 Qc6 {Black has only a long diagonal in compensation for his material
but Sandler has judged that White's king will be permanently weak and the main
question is whether Black can decisively increase the pressure.} 27. Re2 Rd3
28. Kf2 Bc5 29. Rfe1 Qe4 30. Kg1 Bd4 31. g5 Qd5 32. Qg3 $6 Be5 $1 33. Qg2 ({
After} 33. Qh3 Bf4 {White is totally tied up, but the text move leads to a
hopeless endgame.}) 33... Qxg2+ 34. Rxg2 Bxg2 35. Kxg2 Bxb2 36. Kf2 a5 37. Ke2
Rd5 38. h4 a4 39. Rb1 Bc3 40. h5 h6 41. g6 Rxh5 42. gxf7+ Kxf7 43. Kd3 Rh3 44.
Ke4 b3 45. axb3 Rxe3+ 46. Kxe3 a3 0-1

[Event "Rishon Le Ziyyon"]
[Site "Rishon Le Ziyyon"]
[Date "1996.??.??"]
[Round "2"]
[White "Yudasin, Leonid"]
[Black "Shmuter, Leonid"]
[Result "1-0"]
[WhiteElo "2635"]
[BlackElo "2490"]
[Annotator "Shmuter,L"]
[PlyCount "75"]
[EventDate "1996.02.??"]
[EventType "tourn"]
[EventRounds "9"]
[EventCountry "ISR"]
[EventCategory "13"]
[SourceTitle "CBM 053"]
[Source "ChessBase"]
[SourceDate "1996.08.01"]
[SourceVersion "1"]
[SourceVersionDate "1996.08.01"]
[SourceQuality "1"]

1. e4 c5 2. Nf3 d6 3. d4 cxd4 4. Nxd4 Nf6 5. Nc3 Nc6 6. Bc4 Qb6 7. Nb3 e6 8.
O-O Be7 9. Be3 Qc7 10. f4 a6 11. Bd3 b5 12. Qf3 O-O 13. Rae1 Nd7 14. Qh3 Nb4
15. Rf3 Bf6 $2 (15... Re8 $5 $13) 16. Rg3 g6 17. Rf1 $1 Nxd3 (17... Bb7 18. f5
$36) 18. cxd3 b4 19. Nd1 $1 Nb6 (19... Bb7 20. Nf2 Bg7 21. f5 $16) (19... Bg7
20. f5 $16) 20. Nf2 Bg7 21. Qh4 $1 $18 (21. Ng4 $6 f5 $1 $13) 21... f5 22. Rc1
$1 Qb8 23. Rh3 h6 24. exf5 $1 e5 (24... gxf5 25. Rg3 $18) (24... exf5 25. Bd4
$1) (24... Rxf5 25. Qd8+ $18) 25. Rxc8 $1 Qxc8 (25... Nxc8 26. fxg6 $18) 26.
Bxb6 Rxf5 (26... Qc2 27. g4 $1 $18) 27. fxe5 Rxe5 28. Ng4 Rh5 29. Nf6+ Bxf6 30.
Qxf6 Qe8 31. Re3 Qf7 (31... Re5 32. Bd4 $1) 32. Qxd6 Rf5 33. h3 Re8 34. Rxe8+
Qxe8 35. Bd4 a5 36. Nc5 Qf7 37. Be5 g5 38. Ne4 1-0

[Event "Capablanca Memorial-13 Group A "]
[Site "Cienfuegos"]
[Date "1976.05.26"]
[Round "10"]
[White "Sigurjonsson, Gudmundur"]
[Black "Beliavsky, Alexander G"]
[Result "1-0"]
[WhiteElo "2530"]
[BlackElo "2560"]
[Annotator "Sigurjonsson,G"]
[PlyCount "83"]
[EventDate "1976.05.17"]
[EventType "tourn"]
[EventRounds "17"]
[EventCountry "CUB"]
[EventCategory "9"]
[SourceTitle "EXT 2000"]
[Source "ChessBase"]
[SourceDate "1999.11.16"]
[SourceVersion "1"]
[SourceVersionDate "1999.11.16"]
[SourceQuality "1"]

1. e4 c5 2. Nf3 d6 3. d4 cxd4 4. Nxd4 Nf6 5. Nc3 a6 6. f4 e6 7. Qf3 Qc7 8. Bd3
b5 9. g4 $5 (9. Be3) 9... b4 $2 (9... Nc6 10. e5 $6 Bb7 $1) 10. Nce2 d5 11. e5
Nfd7 12. g5 $5 Nc5 (12... Nc6) 13. Be3 Nbd7 14. O-O $16 Be7 15. h4 Bb7 16. Qh3
O-O-O 17. a3 $1 bxa3 18. b4 $1 Ne4 19. Rxa3 Bxb4 20. Rxa6 $1 Ndc5 (20... Bxa6
21. Bxa6+ Kb8 22. Rb1 $18) 21. Ra2 Bd2 22. Rb1 Kd7 23. Nb5 Qb6 24. Bxe4 Bxe3+
25. Qxe3 dxe4 26. Rab2 $18 Ba6 27. Nd6 Qa7 28. Nc3 (28. Rb6 $1 Qc7 29. Rxa6
Nxa6 30. Rb7 $18) 28... Ra8 29. Qd4 Ke7 30. Nf5+ Ke8 (30... exf5 31. Qd6+ Ke8
32. Rb8+ Bc8 33. Rxa8 Qxa8 34. Nd5 $18) 31. Nb5 Bxb5 32. Nd6+ Ke7 33. Rxb5 Nd7
34. Qxa7 Rxa7 35. Rb7 Rxb7 (35... Rha8 $2 36. Rxa7 Rxa7 37. Nc8+) 36. Rxb7 e3
37. Kf1 Ra8 (37... h6 38. Ne4 Rc8 (38... Kd8 39. Nc5 $1) 39. gxh6 gxh6 40. Nf6
$18) 38. Ke2 f6 39. Nc4 $1 {[/\ Rxd7, Nb6]} Rb8 40. exf6+ gxf6 41. gxf6+ Kd8
42. Rxb8+ (42. Rxb8+ Nxb8 43. Ne5 $1 $18) 1-0

[Event "EU-ch 2nd"]
[Site "Ohrid"]
[Date "2001.06.12"]
[Round "11"]
[White "Minasian, Artashes"]
[Black "Jussupow, Artur"]
[Result "1-0"]
[WhiteElo "2554"]
[BlackElo "2645"]
[Annotator "Solozhenkin,E"]
[PlyCount "77"]
[EventDate "2001.06.01"]
[EventType "swiss"]
[EventRounds "13"]
[EventCountry "YUG"]
[SourceTitle "CBM 084"]
[Source "ChessBase"]
[SourceDate "2001.09.13"]
[SourceVersion "1"]
[SourceVersionDate "2001.09.13"]
[SourceQuality "1"]

1. e4 {Ftacnik} c5 2. Nf3 e6 3. d4 cxd4 4. Nxd4 Nf6 5. Nc3 d6 6. f4 a6 7. Qf3
Qc7 {This move is a rare guest at the top level nowdays. Black uses to play 7..
.Qb6.} 8. g4 b5 9. g5 Nfd7 10. a3 Bb7 11. f5 {This move is a novelty. 11.Bg2
and 11.Be3 happened before as usual with good score for White.} Nc6 $2 {
Black overlooks an easy refutation.} ({After} 11... exf5 12. Nxf5 g6 13. Ne3
Bg7 14. Bd2 Ne5 15. Qg3 Nbd7 16. O-O-O Nb6 {the position seems to be
reasonable.}) (11... Ne5 12. Qe2 Nbc6 13. Nxc6 Bxc6 14. Bg2 Rc8 {is another
solid continuation.}) 12. fxe6 $1 {Ftacnik: 'Minasian starts a strong attack
against the unsecure black king.'} Nxd4 (12... Nde5 {Ftacnik} 13. exf7+ Qxf7
14. Qxf7+ Kxf7 15. Nxc6 Bxc6 16. Nd5 $16) 13. Qxf7+ Kd8 14. exd7 Be7 (14...
Qxd7 15. Qf2 $1 Ne6 16. Bh3 $16) (14... Nxc2+ $2 {Ftacnik} 15. Kd1 Nxa1 16.
Qe8#) 15. Qxg7 $6 (15. Qf2 Bxe4 $132) (15. Nd5 $1 {wins easily:} Qxd7 (15...
Bxd5 16. Qxd5 Nxc2+ 17. Kd1 Rb8 18. Rb1 Kxd7 19. Bh3+ Ke8 20. Qd3 $18) 16. Qf2
$18) 15... Nxc2+ 16. Kd1 Rf8 17. Kxc2 {'!' Ftacnik.} (17. g6 $5 Nxa1 18. Bg5
Kxd7 (18... Bxg5 19. Qxf8+ Kxd7 20. Qf5+ Ke8 21. gxh7 $18) 19. Bxe7 Rg8 20.
Qxh7 {and White should win.}) (17. Rb1 {Ftacnik} Qc5 $1 $14) 17... Bxe4+ 18.
Bd3 Bxh1 19. Be3 Qc6 ({The idea of the 19-th move of White is opened in the
variation} 19... Bc6 20. Re1 Qxd7 21. Bb6+ $18) 20. Re1 Kxd7 21. Bd2 $1 ({
Another possibility was} 21. Bd4 Qg2+ (21... Rae8 22. Bf6 $18) 22. Kb3 Qxg5 23.
Qxg5 Bxg5 24. Rxh1 {with better ending for White but certain counterchances
for Black at the same time.}) 21... Rfe8 (21... Rae8 22. Rxe7+ $18) 22. Bxh7 (
22. Rxh1 Qxh1 23. Bf5+ Kd8 (23... Kc7 24. Be4 Qxh2 25. Bxa8 $18) 24. Be4 Qxh2
25. Bxa8 {also looks good.}) 22... a5 (22... Bg2 23. Bf5+ Kd8 24. Bg6 {wins
more material.}) 23. Bf5+ Kd8 24. Rxh1 $18 {'!' Ftacnik. Ftacnik: 'Small
combination is eliminating the guardian of the white squares, black is lost.'}
Qxh1 25. Be4 Qxh2 26. Bxa8 b4 27. axb4 axb4 28. Nd5 b3+ 29. Kd3 Qh3+ 30. Be3
Qf5+ 31. Kd2 (31. Kc4) 31... Qc2+ 32. Ke1 Qb1+ 33. Kf2 Rf8+ 34. Nf4 Qc2+ 35.
Kg3 Rf5 36. Qg8+ Kc7 37. Nd5+ Rxd5 (37... Kd7 38. Nb6+ Kc7 39. Qc8#) 38. Qxd5
Kd7 39. Qb5+ 1-0

[Event "ROM-ch49 Final"]
[Site "Timisoara"]
[Date "1986.01.??"]
[Round "?"]
[White "Stefanov, Parik"]
[Black "Cosma, Ioan"]
[Result "1/2-1/2"]
[WhiteElo "2355"]
[BlackElo "2320"]
[Annotator "Stefanov,P/Primel,D"]
[PlyCount "40"]
[EventDate "1985.12.??"]
[EventType "swiss"]
[EventRounds "11"]
[EventCountry "ROU"]
[SourceTitle "EXT 2020"]
[Source "ChessBase"]
[SourceDate "2019.10.17"]
[SourceVersion "1"]
[SourceVersionDate "2019.10.17"]
[SourceQuality "1"]

1. e4 c5 2. Nf3 e6 3. d4 cxd4 4. Nxd4 Nf6 5. Nc3 d6 6. Be3 a6 7. f4 $5 {
Une ligne agressive} (7. f3) (7. g4) 7... b5 8. Qf3 Bb7 9. Bd3 Nbd7 10. g4 b4
11. Nce2 Nc5 12. Ng3 e5 $146 (12... g6 13. O-O-O {Balashov,Y (2565)-Gheorghiu,
F (2545) October Revolution 60 1977 (5) 1-0}) (12... Qc7 13. O-O-O d5 $132) 13.
Nb3 exf4 14. Bxf4 Ne6 15. Rf1 Be7 $1 16. Bd2 (16. g5 Nd7 17. Bxd6 Nxg5 $1 {
[%cal Gg5f3,Gg5f7] Stefanov}) 16... O-O 17. Bxb4 d5 $13 {[%csl Re1]} 18. Ba5
Qc8 19. O-O-O Ng5 20. Qg2 dxe4 1/2-1/2